| 000 | 010900000a22002530004500 | ||
|---|---|---|---|
| 003 | EG-GICUC | ||
| 005 | 20250223025455.0 | ||
| 008 | 080922s2003 ua f m 000 0 ara d | ||
| 040 |
_aEG-GICUC _bara _cEG-GICUC |
||
| 041 | 0 | _aAra | |
| 049 | _aاهداء | ||
| 097 | _aماجستير | ||
| 099 | _aCai01.04.07.M.Sc.2003.عط.د | ||
| 100 | 0 | _aعطا محمد فايز عطا المحتسب | |
| 245 | 1 | 0 |
_aدعوى اثبات الطلاق وتطبيقاتها فى المحاكم الشرعية الفلسطينية / _cعطا محمد فايز عطا المحتسب ؛ اشراف حسين مطاوع الترتورى |
| 260 |
_aفلسطين : _bعطا محمد فايز عطا المحتسب : _c2003 |
||
| 300 |
_a502ورقة ؛ _c30سم |
||
| 502 | _aاطروحة (ماجستير) - جامعة الخليل - كلية الدراسات العليا - قسم القضاء الشرعى | ||
| 700 | 0 |
_aحسين مطاوع الترتورى : _eمشرف |
|
| 856 | _uhttp://172.23.153.220/th.pdf | ||
| 905 |
_aEnas _eCataloger |
||
| 905 |
_aMustafa _eRevisor |
||
| 942 |
_2ddc _cTH |
||
| 999 |
_c13723 _d13723 |
||